000 00229nam a2200121Ia 4500
100 _aGEORGE GILDER
942 _cBK
245 _aTHE SPIRIT OF ENTERPRICE
260 _b#N/A
300 _a274
546 _aENGLISH
999 _c26210
_d26210